01013nam a22002657a 4500003000500000005001700005008004100022010001000063011001000073035001100083040000900094100004100103245013400144260004000278300004500318502014400363530003600507650002400543650002800567650002700595650001300622700003200635856006400667856001600731CHAP20220329143532.0100420s2009 mx r 00010 spa d a98182 a99154 a109839 cCHAP1 aCarrillo de la Cruz, Cynthia Cecilia10aImpacto de la crisis alimentaria en la pobreza de Méxicoc/por Cynthia Cecilia Carrillo de la Cruz y Nancy Taide Gallardo Lemus aChapingo, Méx. :bEl autor,c2009 axvi, 105 h. :banexos, cuadros, gráfs. aTesis (Lic. en Economía Agrícola ; Ing. Agr. Esp. en Economía Agrícola) -- UACH. División de Ciencias Económico Administrativas aTambién disponible en línea14aAlimentosxPrecios.14aCostos y nivel de vida.14aCultivosxRendimiento.14aPobreza.1 aGallardo Lemus, Nancy Taide 3Finding aiduhttp://10.13.5.2/tesis/109839.pdfzTeclea aqui a1 n0001330